The destiny of the Veda in India. (Record no. 68341)

MARC details
000 -LEADER
fixed length control field 00650cam a22002171 4500
001 - CONTROL NUMBER
control field sa 66002374
003 - CONTROL NUMBER IDENTIFIER
control field DLC
005 - DATE AND TIME OF LATEST TRANSACTION
control field 20260227112229.0
008 - FIXED-LENGTH DATA ELEMENTS--GENERAL INFORMATION
fixed length control field 770817s1965 ii b 001 0 eng
010 ## - LIBRARY OF CONGRESS CONTROL NUMBER
LC control number sa 66002374
035 ## - SYSTEM CONTROL NUMBER
System control number (OCoLC)3195103
040 ## - CATALOGING SOURCE
Original cataloging agency DLC
Transcribing agency WMUW
Modifying agency OCoLC
-- DLC
042 ## - AUTHENTICATION CODE
Authentication code premarc
050 00 - LIBRARY OF CONGRESS CALL NUMBER
Classification number BL1115
Item number .R43
100 1# - MAIN ENTRY--PERSONAL NAME
Personal name Renou, Louis,
Dates associated with a name 1896-1966.
245 14 - TITLE STATEMENT
Title The destiny of the Veda in India.
260 ## - PUBLICATION, DISTRIBUTION, ETC.
Place of publication, distribution, etc. Delhi,
Name of publisher, distributor, etc. Motilal Bonarsidass
Date of publication, distribution, etc. [1965]
300 ## - PHYSICAL DESCRIPTION
Extent viii, 105 p.
Dimensions 23 cm.
504 ## - BIBLIOGRAPHY, ETC. NOTE
Bibliography, etc. note Bibliographical references included in "Notes"(p. 59-101).
630 00 - SUBJECT ADDED ENTRY--UNIFORM TITLE
Uniform title Vedas
General subdivision Criticism, interpretation, etc.
-- History.

No items available.

Powered by Koha